00638nam a22001937a 450000500170000001000130001702000100003003700160004004000120005608200170006810000190008524500810010426000490018527000340023430000230026849000340029165000890032565000300041420170124105931.0 aA-709761 c30.00 bCen Lib/Ret aDPLbEN a307.772bSIN aSinha, Surajit aTribes and indian civilization :cby N K Bosebstructures and transformation aVaranasibN K Bose Memorial Foundationc1981 aB 21/42 A, KamachhabVaranasi avii,55p.c21cm(Hb) aIndian civilization seriesv1 aIndia  aScheduled tribes in India